| 000 | 00925nam a22002412 4500 | ||
|---|---|---|---|
| 001 | 31757 | ||
| 003 | BD-RjUL | ||
| 005 | 20211209051738.0 | ||
| 008 | 140422s1923 enk 000 0 eng d | ||
| 035 |
_aOCLC ocm03476580 from D961104M _a(BD-RjUL)31845 |
||
| 040 |
_aKAT _cKAT _dEQO _dBD-RjUL _beng |
||
| 041 | _aeng | ||
| 082 | 0 | 0 |
_a232.9 _bSIR 1923 |
| 090 |
_aBS2653 _b.S5 1923 |
||
| 100 | 1 |
_aSinger, Ignatius. _996652 |
|
| 245 | 1 | 4 |
_aThe rival philosophies of Jesus and Paul : _bbeing an explanation of the failures of organized Christianity and a vindication of the teachings of Jesus, which are shown to contain a religion for all men and for all times / _cby Ignatius Singer. |
| 250 | _a2d ed. | ||
| 260 |
_aLondon : _bC. W. Daniel, _c1923. |
||
| 300 |
_a345 p. ; _c22 cm. |
||
| 600 | 0 | 0 |
_aJesus Christ _xRationalistic interpretations. _996657 |
| 650 | 0 |
_aChristianity _vControversial literature. _914306 |
|
| 942 |
_2ddc _cBK |
||
| 999 |
_c31757 _d31757 |
||